000 00819cam a2200241 i 4500
001 1356944827
003 OSt
005 20250422130449.0
008 230115s2023 gw a ob 000 0 eng d
020 _z9783662661345 (paperback)
040 _aYDX
_beng
_erda
_epn
_cYDX
_dNUST
050 4 _aQC176 CZY
100 1 _aCzycholl, Gerd
_eAuthor
245 1 0 _aSolid state theory. Volume 1, Basics :
_bphonons and electrons in crystals /
_cGerd Czycholl.
260 _aBerlin :
_bSpringer,
_c2023.
300 _axi, 400 pages :
_bIllustrations ;
_c24 cm.
336 _atext
_btxt
_2rdacontent
337 _acomputer
_bc
_2rdamedia
338 _aonline resource
_bcr
_2rdacarrier
504 _aIncludes bibliographical references.
650 0 _vSolid state physics.
942 _2lcc
_cBOOKS
_hQC176 CZY
_kQC
_mCZY
_n0
999 _c171656
_d171656